| 000 | 00514nam a22001817a 4500 | ||
|---|---|---|---|
| 003 | PILC | ||
| 005 | 20151104094046.0 | ||
| 008 | 130313t xxu||||| |||| 00| 0 eng d | ||
| 020 | _a0439686822 | ||
| 050 |
_aQC 981.3 _b.H839 2003 |
||
| 082 |
_aQC981.3 _bH839 2003 |
||
| 245 |
_aIntroduction to weather & climate change : _cLaura Howell _binternet -linked |
||
| 260 |
_aNew York, N.Y. : _bScholastic Inc., _c2003. |
||
| 300 |
_c27 cm. _a92 p. : _bill. ; |
||
| 562 | _e1 | ||
| 942 |
_2lcc _cBK |
||
| 999 |
_c12096 _d12096 |
||